Statistics for Countries that was once in India Region

Click here to take the quiz!

General Stats

  • This quiz has been taken 13 times
  • The average score is 11 of 59

Answer Stats

YearsCountry% Correct
1947-presentDominion of Pakistan/Islamic Republic of Pakistan
100%
1971-presentRepublic of Bangladesh
100%
1948-presentDominion of Ceylon/Republic of Sri Lanka
91%
1947-presentDominion of India/Republic of India
73%
1613-1757, 1947-England/British Empire/Great Britain
64%
1675-1954France
64%
1498-1961Kingdom of Portugal/Portugal Republic
64%
1526-1538, 1555-1752Mughal Empire
64%
1598-1824Dutch Republic
55%
1620-1869Kingdom of Denmark
45%
325 B.C.-185 B.C.Chandragupta Maurya/Maurya Empire
36%
319-550Gupta Empire
36%
1705-1818Maratha Empire
36%
1345-1556Vijayanagara Empire
36%
1757-1947British East India Company/British Raj
27%
1221-1526Delhi Sultanate
27%
1717-1757Nawab of Bengal
27%
1716-1849Sikh Empire
27%
1352-1538, 1555-1576Sultanate of Bengal
27%
848-1279Vijayalaya Chola/Chola Empire
27%
102 B.C.-70Kalinga
18%
1347-1490Bahmani Sultanate
9%
977-1152Ghaznavid Rebellion/Ghaznavid Empire
9%
1407-1574Gujarat Sultanate
9%
1556-1799Kingdom of Mysore
9%
413 B.C.-325 B.C.Magadha
9%
413 B.C.-275 B.C.Older Pandyan Kingdom/Three Crowned Kings
9%
1279-1330Pandyan Empire
9%
1857-1858Sepoy Mutiny
9%
1538-1555Sur Empire
9%
413 B.C.-329 B.C.Vedic Mahajanapadas/Mahajanapadas
9%
413 B.C.-321 B.C.Anarta Kingdom
0%
25-265Andhrabhryta
0%
329 B.C.-300 B.C.Assaka Kingdom
0%
1490-1686Bijapur Sultanate
0%
620-753Chalukya Dynasty
0%
1761-1826Durrani Empire
0%
1152-1221Ghurid Sultanate
0%
528-1019Gurjara-Pratihara Dynasty
0%
455-528Hunas
0%
180 B.C.-10Indo-Greek Kingdom
0%
155 B.C.-35Indo-Scythian Kingdom
0%
250-595Kalabhras Dynasty
0%
560-620Kalachuri Dynasty
0%
550-647Kingdom of Kannauj/Harsha's Empire
0%
528-630Kingdom of Thanesar
0%
73 B.C.-29 B.C.Knava Dynasty
0%
60-235Kushan Empire
0%
10-60, 175-346Mathura
0%
750-845, 914-1162Pala Empire
0%
595-848Pallava Dynasty
0%
753-973Rashtrakuta Dynasty
0%
225 B.C.-53, 88-220Satavahana Dynasty
0%
1162-1230Sena Dynasty
0%
185 B.C.-73 B.C.Shunga Empire
0%
250-560Vakataka Dynasty
0%
973-1189Western Chalukya Dynasty
0%
35-409Western Satraps
0%
1189-1317Yadava Dynasty
0%

Score Distribution

Percentile by Number Answered

Percent of People with Each Score

Your Score History

You have not taken this quiz